Normal view
MARC view
- Jain M.; Pillai V.; Singh S. & Jain S
Entry Personal Name
001 - CONTROL NUMBER
- control field: 203826
003 - CONTROL NUMBER IDENTIFIER
- control field: OSt
005 - DATE AND TIME OF LATEST TRANSACTION
- control field: 20230719125541.0
008 - FIXED-LENGTH DATA ELEMENTS
- fixed length control field: 230719|| aca||aabn | a|a d
040 ## - CATALOGING SOURCE
- Original cataloging agency: OSt
- Transcribing agency: OSt
100 ## - HEADING--PERSONAL NAME
- Personal name: Jain M.; Pillai V.; Singh S. & Jain S
670 ## - SOURCE DATA FOUND
- Source citation: Work cat.: (OSt)354360: Jain M. 108579, Introduction To Database Management, 2002